000 00508nam a2200193Ia 4500
005 20260429111952.0
008 260429s9999||||xx |||||||||||||| ||und||
020 _a9781118014806
041 _aEnglish
082 _a006.8
_bBUR
100 _aBurdea, Grigore C.
245 0 _aVirtual reality technology /
_cGrigore C. Burdea
250 _a3rd ed.
260 _aUnited States :
_bWiley,
_c2024.
300 _axxv, 710 p.; pbk
650 _a Virtual reality
650 _aComputer science
942 _cTB
999 _c51677
_d51677